000 00535naa a2200205 i 4500
001 103332
003 ES-MaBCM
005 20241016135827.0
008 041207s2004 fra 000 0 fre d
021 _axx
035 _a(OCoLC)1365149021
040 _cES-MaBCM
041 0 _afre
043 _afra
245 0 0 _aLa lutte pour le droit
650 2 7 _aProfesión jurídica
_959925
651 4 _aFrancia
_9115364
773 0 _aEn:
_tRecueil Dalloz
_dParis : 2004
_w105307
_gnº 36, oct., p. 2579-2582. - Loc. S.334
942 _cAREV
999 _c103332
_d103332